[Event "Larsens Nordjyske Mindeturnering2018"]
[Site "KATEDRALSKOLEN AALBORG"]
[Date "2018.10.19"]
[Round "7.1"]
[White "Åke Malmdin, Nils"]
[Black "Lennart Vang, Frank"]
[Result "1-0"]
[LiveChessVersion "1.4.8"]
[BlackElo "1969"]
[WhiteElo "2141"]

1. e4 {[%clk 1:30:50]} c6 {[%clk 1:30:46]} 2. d4 {[%clk 1:31:05]} d6
{[%clk 1:31:07]} 3. Nc3 {[%clk 1:31:04]} g6 {[%clk 1:31:30]} 4. a3
{[%clk 1:27:47]} Bg7 {[%clk 1:29:39]} 5. Be3 {[%clk 1:22:13]} Nd7
{[%clk 1:26:28]} 6. Bc4 {[%clk 1:16:29]} d5 {[%clk 1:21:19]} 7. exd5
{[%clk 1:08:30]} Nb6 {[%clk 1:21:27]} 8. Qe2 {[%clk 1:08:43]} cxd5
{[%clk 1:19:28]} 9. Bd3 {[%clk 1:02:10]} Nf6 {[%clk 1:17:32]} 10. h3
{[%clk 1:02:19]} O-O {[%clk 1:14:39]} 11. Nf3 {[%clk 0:59:26]} Be6
{[%clk 1:10:19]} 12. Ne5 {[%clk 0:55:17]} Rc8 {[%clk 1:10:15]} 13. O-O
{[%clk 0:42:55]} Ne8 {[%clk 1:05:38]} 14. f4 {[%clk 0:38:12]} f6 {[%clk 1:02:37]}
15. Nf3 {[%clk 0:38:23]} Nd6 {[%clk 0:57:35]} 16. Bf2 {[%clk 0:36:11]} Bf7
{[%clk 0:54:44]} 17. Rfe1 {[%clk 0:35:57]} Re8 {[%clk 0:53:57]} 18. a4
{[%clk 0:29:07]} a6 {[%clk 0:49:10]} 19. g4 {[%clk 0:16:47]} Nbc4
{[%clk 0:46:09]} 20. Nd1 {[%clk 0:15:00]} Na5 {[%clk 0:36:07]} 21. f5
{[%clk 0:11:55]} Nc6 {[%clk 0:32:05]} 22. fxg6 {[%clk 0:10:50]} hxg6
{[%clk 0:29:29]} 23. Nh4 {[%clk 0:11:00]} e5 {[%clk 0:21:38]} 24. Bxg6
{[%clk 0:11:05]} Nxd4 {[%clk 0:16:22]} 25. Bxf7+ {[%clk 0:11:26]} Kxf7
{[%clk 0:16:36]} 26. Qd3 {[%clk 0:09:52]} Rh8 {[%clk 0:13:50]} 27. Ng6
{[%clk 0:08:51]} Ne4 {[%clk 0:10:38]} 28. Nxh8+ {[%clk 0:08:58]} Qxh8
{[%clk 0:10:45]} 29. Bxd4 {[%clk 0:09:17]} exd4 {[%clk 0:10:51]} 30. Qxd4
{[%clk 0:06:41]} Rd8 {[%clk 0:09:56]} 31. Qd3 {[%clk 0:06:12]} f5
{[%clk 0:07:21]} 32. Rf1 {[%clk 0:06:24]} Bd4+ {[%clk 0:07:01]} 33. Kg2
{[%clk 0:06:38]} Ke6 {[%clk 0:05:12]} 34. Rxf5 {[%clk 0:06:38]} Qh4
{[%clk 0:02:12]} 35. Ra3 {[%clk 0:06:18]} Be5 {[%clk 0:01:42]} 36. Qe2 Rh8
{[%clk 0:01:33]} 37. Rb3 {[%clk 0:05:42]} Bd6 {[%clk 0:01:09]} 38. Nf2
{[%clk 0:05:30]} 1-0

[Event "Larsens Nordjyske Mindeturnering2018"]
[Site "KATEDRALSKOLEN AALBORG"]
[Date "2018.10.19"]
[Round "7.2"]
[White "Grabow, Pouelsten"]
[Black "O Andersen, Per"]
[Result "1/2-1/2"]
[LiveChessVersion "1.4.8"]
[BlackElo "1952"]
[WhiteElo "2127"]

1. Nf3 {[%clk 1:30:55]} Nf6 {[%clk 1:30:33]} 2. c4 {[%clk 1:31:17]} c5
{[%clk 1:30:25]} 3. g3 {[%clk 1:31:39]} b6 {[%clk 1:30:14]} 4. Bg2
{[%clk 1:31:59]} Bb7 {[%clk 1:30:35]} 5. O-O {[%clk 1:31:53]} e6 {[%clk 1:30:41]}
6. Nc3 {[%clk 1:28:41]} Be7 {[%clk 1:28:49]} 7. d4 {[%clk 1:28:16]} cxd4
{[%clk 1:25:46]} 8. Qxd4 {[%clk 1:28:22]} d6 {[%clk 1:24:58]} 9. Rd1
{[%clk 1:26:23]} a6 {[%clk 1:24:02]} 10. b3 {[%clk 1:25:49]} Nbd7
{[%clk 1:19:51]} 11. Bb2 {[%clk 1:21:37]} Qc7 {[%clk 1:17:44]} 12. Ng5
{[%clk 1:00:15]} Bxg2 {[%clk 1:11:46]} 13. Kxg2 {[%clk 0:58:09]} Rd8
{[%clk 1:11:38]} 14. f3 {[%clk 0:50:09]} h6 {[%clk 0:59:55]} 15. Nge4
{[%clk 0:48:58]} Nxe4 {[%clk 0:55:32]} 16. Nxe4 {[%clk 0:48:51]} Nf6
{[%clk 0:55:13]} 17. Qe3 {[%clk 0:46:27]} Nxe4 {[%clk 0:50:32]} 18. Qxe4
{[%clk 0:45:38]} Bf6 {[%clk 0:48:04]} 19. Bxf6 {[%clk 0:42:10]} gxf6
{[%clk 0:48:25]} 20. Qh4 {[%clk 0:41:52]} Ke7 {[%clk 0:40:48]} 21. Rd4
{[%clk 0:39:44]} Qc5 {[%clk 0:38:41]} 22. Rad1 {[%clk 0:39:17]} Qe5
{[%clk 0:34:00]} 23. f4 {[%clk 0:34:10]} Qxe2+ {[%clk 0:32:48]} 24. Kh3
{[%clk 0:34:25]} h5 {[%clk 0:29:10]} 25. R4d2 {[%clk 0:34:30]} Qe4
{[%clk 0:28:28]} 1/2-1/2

[Event "Larsens Nordjyske Mindeturnering2018"]
[Site "KATEDRALSKOLEN AALBORG"]
[Date "2018.10.19"]
[Round "7.3"]
[White "Jørgen Christiansen, Jens"]
[Black "Ekelund, Kurt"]
[Result "1/2-1/2"]
[LiveChessVersion "1.4.8"]
[BlackElo "1972"]
[WhiteElo "2063"]

1. d4 {[%clk 1:30:57]} Nf6 {[%clk 1:30:27]} 2. c4 {[%clk 1:31:19]} g6
{[%clk 1:30:37]} 3. Nc3 {[%clk 1:30:50]} Bg7 {[%clk 1:30:58]} 4. e4
{[%clk 1:31:15]} d6 {[%clk 1:31:20]} 5. Bd3 {[%clk 1:31:40]} O-O {[%clk 1:29:05]}
6. Nge2 {[%clk 1:32:01]} Nbd7 {[%clk 1:27:31]} 7. O-O {[%clk 1:32:03]} c5
{[%clk 1:23:16]} 8. d5 {[%clk 1:30:43]} Ne5 {[%clk 1:14:37]} 9. f4
{[%clk 1:29:35]} Nxd3 {[%clk 1:14:20]} 10. Qxd3 {[%clk 1:29:59]} a6
{[%clk 1:14:08]} 11. a4 {[%clk 1:27:08]} e6 {[%clk 0:51:10]} 12. h3
{[%clk 1:09:46]} exd5 {[%clk 0:50:10]} 13. Nxd5 {[%clk 1:05:36]} Nxd5
{[%clk 0:50:25]} 1/2-1/2

[Event "Larsens Nordjyske Mindeturnering2018"]
[Site "KATEDRALSKOLEN AALBORG"]
[Date "2018.10.19"]
[Round "7.4"]
[White "Chritiansen, Arne"]
[Black "Jacobsen, Niels"]
[Result "1/2-1/2"]
[LiveChessVersion "1.4.8"]
[BlackElo "1883"]
[WhiteElo "2051"]

1. d4 {[%clk 1:30:56]} Nf6 {[%clk 1:30:37]} 2. c4 {[%clk 1:31:19]} g6
{[%clk 1:30:34]} 3. Nc3 {[%clk 1:31:43]} Bg7 {[%clk 1:30:57]} 4. Nf3
{[%clk 1:31:55]} O-O {[%clk 1:31:02]} 5. g3 {[%clk 1:32:17]} d6 {[%clk 1:31:16]}
6. Bg2 {[%clk 1:32:40]} c6 {[%clk 1:31:19]} 7. O-O {[%clk 1:32:29]} Qa5
{[%clk 1:31:35]} 8. e4 {[%clk 1:29:46]} Bg4 {[%clk 1:31:16]} 9. h3
{[%clk 1:29:39]} Bxf3 {[%clk 1:31:30]} 10. Bxf3 {[%clk 1:29:50]} e5
{[%clk 1:31:37]} 11. d5 {[%clk 1:28:14]} cxd5 {[%clk 1:31:24]} 12. cxd5
{[%clk 1:27:34]} Nbd7 {[%clk 1:30:34]} 13. a3 {[%clk 1:25:34]} Rfc8
{[%clk 1:29:49]} 14. Be3 {[%clk 1:24:19]} a6 {[%clk 1:28:06]} 15. Qd2
{[%clk 1:18:38]} b5 16. Rfc1 Qd8 17. Na2 1/2-1/2

[Event "Larsens Nordjyske Mindeturnering2018"]
[Site "KATEDRALSKOLEN AALBORG"]
[Date ""2018.10.19"]
[Round "7.5"]
[White "Davidsen, Niels Chr."]
[Black "Taksrud, Vidar"]
[Result "0-1"]
[LiveChessVersion "1.4.8"]
[BlackElo "2040"]
[WhiteElo "1971"]

1. e4 {[%clk 1:30:55]} Nf6 {[%clk 1:30:15]} 2. e5 {[%clk 1:28:07]} Nd5
{[%clk 1:30:39]} 3. Nc3 {[%clk 1:28:23]} Nxc3 {[%clk 1:30:29]} 4. dxc3
{[%clk 1:27:49]} Nc6 {[%clk 1:29:43]} 5. Bf4 {[%clk 1:27:35]} d6 {[%clk 1:29:56]}
6. Bb5 {[%clk 1:26:59]} Bd7 {[%clk 1:29:21]} 7. exd6 {[%clk 1:26:54]} cxd6
{[%clk 1:29:02]} 8. Qe2 {[%clk 1:26:08]} a6 {[%clk 1:27:12]} 9. Bc4
{[%clk 1:25:55]} e6 {[%clk 1:24:52]} 10. O-O-O {[%clk 1:22:52]} e5
{[%clk 1:18:56]} 11. Be3 {[%clk 1:20:18]} Be7 {[%clk 1:18:43]} 12. f4
{[%clk 1:19:54]} O-O {[%clk 1:15:29]} 13. Nf3 {[%clk 1:15:12]} b5
{[%clk 1:12:06]} 14. Bd5 {[%clk 1:13:19]} b4 {[%clk 1:07:31]} 15. c4
{[%clk 0:59:17]} Qa5 {[%clk 1:00:40]} 16. Kb1 {[%clk 0:58:35]} b3
{[%clk 0:57:59]} 17. axb3 {[%clk 0:47:59]} Nb4 {[%clk 0:54:21]} 18. Be4
{[%clk 0:47:26]} Rac8 {[%clk 0:48:11]} 19. Ne1 {[%clk 0:41:57]} d5
{[%clk 0:44:35]} 20. Bxd5 {[%clk 0:36:07]} Bf5 {[%clk 0:40:56]} 21. Nd3
{[%clk 0:34:59]} Qa2+ {[%clk 0:38:38]} 22. Kc1 {[%clk 0:34:37]} Bxd3
{[%clk 0:38:51]} 0-1

[Event "Larsens Nordjyske Mindeturnering2018"]
[Site "KATEDRALSKOLEN AALBORG"]
[Date "2018.10.19"]
[Round "7.6"]
[White "Nørregaard, Claus"]
[Black "Nørgaard Olesen, Poul Erik"]
[Result "1-0"]
[LiveChessVersion "1.4.8"]
[BlackElo "2004"]
[WhiteElo "1944"]

1. d4 {[%clk 1:30:16]} Nf6 {[%clk 1:30:14]} 2. c4 {[%clk 1:30:06]} g6
{[%clk 1:30:36]} 3. Nc3 {[%clk 1:30:28]} Bg7 {[%clk 1:30:59]} 4. e4
{[%clk 1:30:53]} d6 {[%clk 1:31:22]} 5. f4 {[%clk 1:31:11]} O-O {[%clk 1:31:34]}
6. Nf3 {[%clk 1:31:30]} c5 {[%clk 1:31:16]} 7. d5 {[%clk 1:31:44]} e6
{[%clk 1:29:41]} 8. Be2 {[%clk 1:31:48]} exd5 {[%clk 1:29:29]} 9. exd5
{[%clk 1:31:58]} Re8 {[%clk 1:27:42]} 10. O-O {[%clk 1:30:28]} Bf5
{[%clk 1:26:44]} 11. Bd3 {[%clk 1:28:49]} Nbd7 {[%clk 1:23:04]} 12. Bxf5
{[%clk 1:25:50]} gxf5 {[%clk 1:22:02]} 13. Nh4 {[%clk 1:25:44]} Ne4 14. Nxf5 Nxc3
{[%clk 1:13:43]} 15. bxc3 {[%clk 1:25:37]} Bxc3 {[%clk 1:09:39]} 16. Rb1
{[%clk 1:02:08]} Qf6 {[%clk 0:59:44]} 17. Qg4+ {[%clk 0:58:14]} Kh8
{[%clk 0:58:48]} 18. Qg5 {[%clk 0:57:32]} Bd4+ {[%clk 0:48:55]} 19. Kh1
{[%clk 0:55:54]} Nb6 {[%clk 0:45:14]} 20. Qxf6+ {[%clk 0:53:47]} Bxf6
{[%clk 0:45:42]} 21. Nxd6 {[%clk 0:53:49]} Re2 {[%clk 0:46:00]} 22. Nxf7+
{[%clk 0:51:54]} Kg8 {[%clk 0:44:38]} 23. Ne5 {[%clk 0:43:18]} Bxe5
{[%clk 0:40:52]} 24. fxe5 {[%clk 0:37:49]} Rxe5 {[%clk 0:41:03]} 25. h3
{[%clk 0:21:26]} Nxc4 {[%clk 0:26:02]} 26. Rxb7 {[%clk 0:20:42]} Rxd5
{[%clk 0:20:15]} 27. Bh6 {[%clk 0:14:35]} Nd6 {[%clk 0:17:19]} 28. Rg7+
{[%clk 0:14:29]} Kh8 {[%clk 0:17:34]} 29. Rd7 {[%clk 0:10:38]} Rf5
{[%clk 0:14:40]} 30. Rd1 {[%clk 0:07:10]} Nf7 {[%clk 0:13:38]} 31. Bd2
{[%clk 0:06:27]} Kg8 {[%clk 0:12:28]} 32. Bc3 {[%clk 0:05:05]} a6
{[%clk 0:11:59]} 33. Rc7 {[%clk 0:03:52]} Re8 {[%clk 0:08:26]} 34. Rdd7
{[%clk 0:03:38]} Rd8 {[%clk 0:06:52]} 35. Rxd8+ {[%clk 0:03:11]} Nxd8
{[%clk 0:07:20]} 36. Rg7+ {[%clk 0:02:51]} Kf8 {[%clk 0:07:34]} 37. Rxh7
{[%clk 0:02:49]} Rf1+ {[%clk 0:06:25]} 38. Kh2 {[%clk 0:03:03]} Rc1
{[%clk 0:06:27]} 39. Bd2 {[%clk 0:02:45]} Rc2 {[%clk 0:06:19]} 40. Rh8+
{[%clk 0:02:56]} 1-0